| Tag |
First Indicator |
Second Indicator |
Subfields |
| LEADER |
00000cam a22000001 4500 |
| 001 |
in00000026707 |
| 005 |
20151007062626.0 |
| 008 |
750806s1894 nyu 000 0 eng |
| 010 |
|
|
|a 04017365
|
| 019 |
|
|
|a 31420428
|
| 035 |
|
|
|a (OCoLC)ocm01517615
|
| 035 |
|
|
|a (OCoLC)01517615
|
| 035 |
|
|
|9 AAD5388AM
|
| 040 |
|
|
|a DLC
|c JPL
|d DLC
|d UtOrBLW
|
| 049 |
|
|
|a TXAM
|
| 050 |
0 |
0 |
|a F67
|b .W7955
|
| 082 |
0 |
|
|a 923
|
| 100 |
1 |
|
|a Winthrop, John,
|d 1588-1649.
|
| 245 |
1 |
0 |
|a Some old Puritan love-letters :
|b John and Margaret Winthrop, 1618-1638 /
|c ed. by Joseph Hopkins Twichell.
|
| 264 |
|
1 |
|a New York :
|b Dodd, Mead and company,
|c 1894.
|
| 300 |
|
|
|a xviii, 187 pages :
|b including frontispiece (portrait) 2 folded facsimiles ;
|c 23 cm.
|
| 336 |
|
|
|a text
|b txt
|2 rdacontent
|
| 337 |
|
|
|a unmediated
|b n
|2 rdamedia
|
| 338 |
|
|
|a volume
|b nc
|2 rdacarrier
|
| 700 |
1 |
|
|a Winthrop, Margaret Tyndal,
|d 1591-1647.
|
| 700 |
1 |
|
|a Twichell, Joseph Hopkins,
|d 1838-1918,
|e editor.
|
| 994 |
|
|
|a E0
|b TXA
|
| 999 |
|
|
|a MARS
|
| 999 |
f |
f |
|s 2fbbba82-f186-38c6-ae70-4a3dea75b99d
|i 84af21a8-d64c-3944-b964-58489bac3abf
|t 0
|
| 952 |
f |
f |
|p ric
|a Texas A&M University
|b Rellis Campus
|c Joint Library Facility
|d Remote Storage
|t 0
|e F67 .W7955
|h Library of Congress classification
|i unmediated -- volume
|m A14801266088
|
| 998 |
f |
f |
|a F67 .W7955
|t 0
|l Remote Storage
|